Quy trình thiết kế và thi công tấm vật liệu 3D

Wedi'i Gadw mewn:
Manylion Llyfryddiaeth
Prif Awdur: Ngô Quang Tường
Fformat: Llyfr
Iaith:Vietnamese
Cyhoeddwyd: Xây dựng 2010
Pynciau:
Tagiau: Ychwanegu Tag
Dim Tagiau, Byddwch y cyntaf i dagio'r cofnod hwn!
Thư viện lưu trữ: Mạng thư viện Đại học Đà Nẵng
LEADER 01042nam a2200325 a 4500
001 000003491
003 03425
005 20171229145311.0
008 171229s2010 vie
040 |a LSK 
041 0 |a VIE 
082 0 |a 693.99  |b NG-T 
100 1 |a Ngô Quang Tường 
245 0 0 |a Quy trình thiết kế và thi công tấm vật liệu 3D 
260 |b Xây dựng  |c 2010 
300 |a 172 pages  |c 27 cm. 
653 |a Tấm vật liệu 3D - Thiết kế 
653 |a Tấm vật liệu 3D - Thi công 
852 |a Phòng Đọc 
901 |a 1 
927 |a Sách tham khảo 
OWN |a LSK 
AVA |a UDN50  |b LSK  |d 693.99 NG-T  |e available  |t Error 5001 Not defined in file expand_doc_bib_avail.  |f 1  |g 0  |h N  |i 0  |k 1 
999 |a From the UDN01 
AVA |a UDN50  |b LSK  |d 693.99 NG-T  |e available  |t Error 5001 Not defined in file expand_doc_bib_avail.  |f 1  |g 0  |h N  |i 0  |k 1 
TYP |a Monograph 
TYP |a Printed language 
980 |a Mạng thư viện Đại học Đà Nẵng